Najpopularniejsze imiona polskich Youtuberów (Kolega Ignacy) - Statystyki

Ogólne statystyki
  • Ten quiz został rozwiązany 550 razy
  • Średni wynik to 6 z 14
Statystyki odpowiedzi
Liczba imion Imię % Poprawnych
5 Karol
90%
5 Piotr
60%
5 Adam
55%
5 Mateusz
55%
4 Michał
53%
3 Marcin
47%
3 Jan
38%
3 Wojciech
36%
3 Patryk
34%
3 Maciej
33%
3 Marek
32%
3 Daniel
23%
3 Grzegorz
20%
3 Przemysław
13%
Nie znaleziono quizów pasujących do podanych kryteriów
Rozkład punktacji
Procent ludzi z każdym wynikiem
Percentyl według liczby udzielonych odpowiedzi
Twoja historia wyników
Nie rozwiązałeś tego quizu